Los desafíos de la agricultura argentina : (Record no. 4284)
[ view plain ]
| 000 -LEADER | |
|---|---|
| fixed length control field | 00648nam a22001817a 4500 |
| 008 - FIXED-LENGTH DATA ELEMENTS--GENERAL INFORMATION | |
| fixed length control field | 180904b xxu||||| |||| 00| 0 spa d |
| 020 ## - INTERNATIONAL STANDARD BOOK NUMBER | |
| International Standard Book Number | 978-987-521-860-4 |
| 082 ## - DEWEY DECIMAL CLASSIFICATION NUMBER | |
| Edition number | 14 |
| Classification number | 630 |
| 100 1# - MAIN ENTRY--PERSONAL NAME | |
| Personal name | Andrade, Fernando H. |
| Relator term | comp. |
| 9 (RLIN) | 6289 |
| 245 14 - TITLE STATEMENT | |
| Title | Los desafíos de la agricultura argentina : |
| Remainder of title | satisfacer las futuras demandas y reducir el impacto ambiental / |
| Statement of responsibility, etc | Compilador Fernando Andrade |
| 260 ## - PUBLICATION, DISTRIBUTION, ETC. (IMPRINT) | |
| Place of publication, distribution, etc | Buenos Aires : |
| Name of publisher, distributor, etc | INTA, |
| Date of publication, distribution, etc | 2017. |
| 300 ## - PHYSICAL DESCRIPTION | |
| Extent | 120 p. |
| 650 #0 - SUBJECT ADDED ENTRY--TOPICAL TERM | |
| 9 (RLIN) | 1410 |
| Topical term or geographic name as entry element | AGRICULTURA |
| 650 10 - SUBJECT ADDED ENTRY--TOPICAL TERM | |
| 9 (RLIN) | 2246 |
| Topical term or geographic name as entry element | IMPACTO AMBIENTAL |
| 856 41 - ELECTRONIC LOCATION AND ACCESS | |
| Uniform Resource Identifier | <a href="https://repositorio.inta.gob.ar/handle/20.500.12123/2149">https://repositorio.inta.gob.ar/handle/20.500.12123/2149</a> |
| 942 ## - ADDED ENTRY ELEMENTS (KOHA) | |
| Source of classification or shelving scheme | Dewey Decimal Classification |
| Item type | Libro, folleto, traducción |
| 980 ## - EQUIVALENCE OR CROSS-REFERENCE-SERIES STATEMENT--PERSONAL NAME/TITLE [LOCAL, CANADA] | |
| Field link and sequence number | 1943 |
| Miscellaneous information | VALERIA BEATRIZ DOMÍNGUEZ |
| Withdrawn status | Lost status | Source of classification or shelving scheme | Damaged status | Not for loan | Home library | Current library | Date acquired | Source of acquisition | Full call number | Barcode | Date last seen | Price effective from | Koha item type | Collection code | Uniform Resource Identifier |
|---|---|---|---|---|---|---|---|---|---|---|---|---|---|---|---|
| Dewey Decimal Classification | Consultar Disponibilidad | Biblioteca Central | Biblioteca Central | 04/09/2018 | Donación | 630 AND | UNAJ18090004 | 17/03/2025 | 04/09/2018 | Libro, folleto, traducción | |||||
| Dewey Decimal Classification | Acceso en línea | Biblioteca Central | Biblioteca Central | 08/05/2020 | 630 | 08/05/2020 | 08/05/2020 | Libro, folleto, traducción | Recursos en Línea | https://repositorio.inta.gob.ar/handle/20.500.12123/2149 |